The good, the bad, and your business (Record no. 8921)

MARC details
000 -LEADER
fixed length control field 00670nam a22002057a 4500
003 - CONTROL NUMBER IDENTIFIER
control field OSt
005 - DATE AND TIME OF LATEST TRANSACTION
control field 20240626121725.0
008 - FIXED-LENGTH DATA ELEMENTS--GENERAL INFORMATION
fixed length control field 240626b |||||||| |||| 00| 0 eng d
020 ## - INTERNATIONAL STANDARD BOOK NUMBER
International Standard Book Number 9780978689933
040 ## - CATALOGING SOURCE
Transcribing agency MUST
082 ## - DEWEY DECIMAL CLASSIFICATION NUMBER
Classification number 338.7 SEG 2000
100 ## - MAIN ENTRY--PERSONAL NAME
Personal name S eglin, Jeffrey
9 (RLIN) 18056
245 ## - TITLE STATEMENT
Title The good, the bad, and your business
Remainder of title Choosing Right when ethical Dilemmas Pull You Apart
260 ## - PUBLICATION, DISTRIBUTION, ETC. (IMPRINT)
Place of publication, distribution, etc. Boston
Name of publisher, distributor, etc. : Smith/Kerr Associates LLC
Date of publication, distribution, etc. , C 2000
300 ## - PHYSICAL DESCRIPTION
Extent xv, 224p.
Other physical details : ill
Dimensions ; 23cm
504 ## - BIBLIOGRAPHY, ETC. NOTE
Bibliography, etc includes Bibliography<br/>includes index
650 ## - SUBJECT ADDED ENTRY--TOPICAL TERM
Topical term or geographic name as entry element Business ethics
9 (RLIN) 5048
650 ## - SUBJECT ADDED ENTRY--TOPICAL TERM
Topical term or geographic name as entry element Decision making - Moral and ethical aspects
9 (RLIN) 18057
942 ## - ADDED ENTRY ELEMENTS (KOHA)
Source of classification or shelving scheme Dewey Decimal Classification
Koha item type Open Shelf
Holdings
Withdrawn status Lost status Source of classification or shelving scheme Damaged status Not for loan Home library Current library Date acquired Source of acquisition Inventory number Total Checkouts Full call number Barcode Date last seen Price effective from Koha item type
    Dewey Decimal Classification     MUST Main Library MUST Main Library 26/06/2024 Purchase 11/33861   338.7 SEG 2000 2024-21432 26/06/2024 26/06/2024 Open Shelf